Prospects for less-favoured areas under different conditions
Problematika marginálnych oblastí. Špecifikácia ekonomického vzťahu medzi nájmom a využitím pôdy vo vzťahu ku kvalite miesta a pomerom medzi cenou a nákladmi. Definovanie podmienok, za ktorých pravdepodobne dôjde k opusteniu týchto oblastí. Hodnotiaca metodika marginálnych oblastí, ktorá zahrnuje ek...
Uložené v:
| Hlavný autor: | |
|---|---|
| Ďalší autori: | , |
| Médium: | Kapitola |
| Jazyk: | English |
| Predmet: | |
| Tagy: |
Žiadne tagy, Buďte prvý, kto otaguje tento záznam!
|
MARC
| LEADER | 00000naa a2200000 4500 | ||
|---|---|---|---|
| 001 | r040117 | ||
| 005 | 20230922112023.6 | ||
| 041 | 0 | |a eng | |
| 044 | |a CZ | ||
| 245 | 1 | 0 | |a Prospects for less-favoured areas under different conditions |c A. Heissenhuber, J. Kantelhardt, E. Osinski |
| 520 | |a Problematika marginálnych oblastí. Špecifikácia ekonomického vzťahu medzi nájmom a využitím pôdy vo vzťahu ku kvalite miesta a pomerom medzi cenou a nákladmi. Definovanie podmienok, za ktorých pravdepodobne dôjde k opusteniu týchto oblastí. Hodnotiaca metodika marginálnych oblastí, ktorá zahrnuje ekonomické, environmentálne, kultúrne a iné hľadiská. | ||
| 610 | 2 | 0 | |a pôda poľnohospodárska |
| 610 | 2 | 0 | |a využitie pôdy |
| 610 | 2 | 0 | |a pozemky |
| 610 | 2 | 0 | |a podmienky prírodné |
| 610 | 2 | 0 | |a prenájom |
| 610 | 2 | 0 | |a pôda |
| 610 | 2 | 0 | |a nákladovosť produkcie |
| 100 | 1 | |a Heissenhuber, A. | |
| 700 | 1 | |a Kantelhardt, J. | |
| 700 | 1 | |a Osinski, E. | |